New chapters in the life of Paul : (Registro nro. 62877)

Detalles MARC
000 -LEADER
campo de control de longitud fija 02253cam a22004814a 4500
001 - NÚMERO DE CONTROL
campo de control 74649019
003 - IDENTIFICADOR DE NÚMERO DE CONTROL
campo de control PE-LiUPU
005 - FECHA Y HORA DE LA ÚLTIMA TRANSACCIÓN
campo de control 20250905100429.0
008 - DATOS DE LONGITUD FIJA--INFORMACIÓN GENERAL
campo de control de longitud fija 061020s2006 dcu b 001 0beng
020 ## - NÚMERO INTERNACIONAL ESTÁNDAR DEL LIBRO
Número Internacional Estándar del Libro 0915170396 (alk. paper)
020 ## - NÚMERO INTERNACIONAL ESTÁNDAR DEL LIBRO
Número Internacional Estándar del Libro 9780915170395 (alk. paper)
035 ## - NÚMERO DE CONTROL DEL SISTEMA
Número de control de sistema .b1760560x
035 ## - NÚMERO DE CONTROL DEL SISTEMA
Número de control de sistema .b1760560x
035 ## - NÚMERO DE CONTROL DEL SISTEMA
Número de control de sistema (OCoLC)74649019
040 ## - FUENTE DE CATALOGACIÓN
Centro catalogador/agencia de origen DLC
Centro/agencia transcriptor PE-LiUPU
Centro/agencia modificador PE-LiUPU
Lengua de catalogación spa
Normas de descripción rda
043 ## - CÓDIGO DE ÁREA GEOGRÁFICA
Código de área geográfica a-tu---
049 ## - FONDOS LOCALES (OCLC)
Biblioteca depositaria EXNs
050 00 - SIGNATURA TOPOGRÁFICA DE LA BIBLIOTECA DEL CONGRESO
Número de clasificación BS2506.3
Número de ítem .T38 2006
082 00 - NÚMERO DE LA CLASIFICACIÓN DECIMAL DEWEY
Número de clasificación 225.92
Cutter T221n
Número de edición 23
100 1# - ENTRADA PRINCIPAL--NOMBRE DE PERSONA
Nombre de persona Tatum, Gregory,
Fechas asociadas al nombre 1957-
Término indicativo de función/relación autor.
245 10 - MENCIÓN DEL TÍTULO
Título New chapters in the life of Paul :
Resto del título the relative chronology of his career /
Mención de responsabilidad, etc. por Gregory Tatum.
264 ## - PRODUCCIÓN, PUBLICACIÓN, DISTRIBUCIÓN, FABRICACIÓN Y COPYRIGHT
Producción, publicación, distribución, fabricación y copyright Washington, DC :
Nombre del de productor, editor, distribuidor, fabricante Catholic Biblical Association of America,
Fecha de producción, publicación, distribución, fabricación o copyright c2006.
300 ## - DESCRIPCIÓN FÍSICA
Extensión ix, 145 p.áginas ;
Dimensiones 23 cm.
490 1# - MENCIÓN DE SERIE
Mención de serie Catholic Biblical quarterly. Monograph series
Designación de volumen o secuencia 41.
504 ## - NOTA DE BIBLIOGRAFÍA, ETC.
Nota de bibliografía, etc. Incluye referencias bibliográficas (p. 131-140) e índices.
505 ## - NOTA DE CONTENIDO CON FORMATO
Nota de contenido con formato INTRODUCTION -- Relative Sequence, Neot Absolute Chronology -- Rhetorical Augmentation, Not Doctrinal Development -- A Model for Discerning Rhetorical Augmentation -- A Model for Rethinking Paul's Itineraries -- 1CORINTHLANS, GALATIANS, ROMANS -- The Apostle to the Gentiles? -- Motifs Common toI Corinthians and Romans -- 2 CORINTHIANS 10-13, GALATIANS, 2 CORINTHIANS I-9 -- The Opponents -- The Offender -- Rhetorical Metamorphosis -- GALATIANS, PHILIPPIANS, 2 CORINTHIANS I-9 -- The Opponents of Philippians -- The ldentity of the Opponents of Galatians and Philippians -- The Treatment of Affliction -- Paul's Weaknesses in 2 Corinthians 10-13 – THE COLLECTIONS FOR JERUSALEN – Macedonia – Achaia – Galatia.
526 ## - NOTA DE INFORMACIÓN SOBRE EL PROGRAMA DE ESTUDIO
Nombre del programa Segunda Especialidad En Profecías Bíblicas
526 ## - NOTA DE INFORMACIÓN SOBRE EL PROGRAMA DE ESTUDIO
Nombre del programa Segunda Especialidad En Nuevo Testamento
526 ## - NOTA DE INFORMACIÓN SOBRE EL PROGRAMA DE ESTUDIO
Nombre del programa Segunda Especialidad En Antiguo Testamento
526 ## - NOTA DE INFORMACIÓN SOBRE EL PROGRAMA DE ESTUDIO
Nombre del programa Segunda Especialidad En Estudios Adventistas
526 ## - NOTA DE INFORMACIÓN SOBRE EL PROGRAMA DE ESTUDIO
Nombre del programa Doctorado en teología
526 ## - NOTA DE INFORMACIÓN SOBRE EL PROGRAMA DE ESTUDIO
Nombre del programa Maestría en teología histórica
526 ## - NOTA DE INFORMACIÓN SOBRE EL PROGRAMA DE ESTUDIO
Nombre del programa Maestría en teología bíblica
526 ## - NOTA DE INFORMACIÓN SOBRE EL PROGRAMA DE ESTUDIO
Nombre del programa Maestría en teología
526 ## - NOTA DE INFORMACIÓN SOBRE EL PROGRAMA DE ESTUDIO
Nombre del programa Maestría en misionología
526 ## - NOTA DE INFORMACIÓN SOBRE EL PROGRAMA DE ESTUDIO
Nombre del programa Maestría en liderazgo eclesiástico
526 ## - NOTA DE INFORMACIÓN SOBRE EL PROGRAMA DE ESTUDIO
Nombre del programa Teología
600 #0 - PUNTO DE ACCESO ADICIONAL DE MATERIA--NOMBRE DE PERSONA
Nombre de persona Pablo,
Títulos y otros términos asociados al nombre Apóstol,
Subdivisión general Ética.
9 (RLIN) 1640
630 14 - PUNTO DE ACCESO ADICIONAL DE MATERIA--TÍTULO UNIFORME
Título uniforme Biblia.
Nombre de parte o sección de la obra Nuevo Testamento
Subdivisión general Crítica, interpretación, etc.
9 (RLIN) 1242
650 24 - PUNTO DE ACCESO ADICIONAL DE MATERIA--TÉRMINO DE MATERIA
Término de materia o nombre geográfico como elemento de entrada Santos critianos
Subdivisión geográfica Turquía
-- Tarso
Subdivisión de forma Biografía.
9 (RLIN) 5084
942 ## - ELEMENTOS DE ENTRADA SECUNDARIOS (KOHA)
Fuente del sistema de clasificación o colocación Clasificación Decimal Dewey
Tipo de ítem Koha Libros físicos
Suprimir en OPAC No
980 ## - EQUIVALENCIA O REFERENCIA-CRUZADA-MENCIÓN DE SERIE--NOMBRE DE PERSONA/TÍTULO [LOCAL, CANADÁ]
ID del usuario creador del registro 18226
Nombre del creador del registro Jaime Vilcazán Jefe de Análisis Documental
ID del último usuario que modificó el registro 18226
Nombre del último usuario que modificó el registro Jaime Vilcazán Jefe de Análisis Documental
Existencias
Visto por última vez Total de préstamos Signatura topográfica completa Código de barras Copia número Coste, precio de reemplazo Fecha de reemplazo Facultad Tipo de ítem Koha Estado de pérdida Fuente del sistema de clasificación o colocación Restricciones de uso No para préstamo Colección Programa académico Biblioteca de origen Biblioteca actual Ubicación en estantería Fecha de adquisición Fuente de adquisición
2025-12-02   225.92 T221n 82561 e1 18.00 2025-03-10 Teología Libros físicos No Perdido Clasificación Decimal Dewey No restringido Disponible para préstamos Colección General Teología Biblioteca CRAI UPeU Lima Biblioteca CRAI UPeU Lima Sala principal 2024-12-23 Donación, Merling Alomía